000 00543nmm a2200193Ia 4500
008 251105s9999||||xx |||||||||||||||||und||
020 _a9788484287827
041 _aspa
100 _aChéjov, Antón P.
245 0 _aFlores tardías y otros relatos
264 _a[Madrid, España] :
_bAlba Editorial,
_c2012
300 _a264 páginas
490 _aAlba Clásica
650 _aOther narratives
700 _aChéjov, Antón P.
700 1 _a Otero, Fernando
856 _uhttps://public.digitaliapublishing.com/a/33219
942 _cCF
999 _c63948
_d63948